Natural rubber: The bibliography of selected scientific and technical papers.V.2 (Record no. 43967)

MARC details
000 -LEADER
fixed length control field 00335nam a2200121Ia 4500
082 ## - DEWEY DECIMAL CLASSIFICATION NUMBER
Item number RRI.2
100 ## - MAIN ENTRY--AUTHOR NAME
Personal name Jose, M
245 #0 - TITLE STATEMENT
Title Natural rubber: The bibliography of selected scientific and technical papers.V.2
260 ## - PUBLICATION, DISTRIBUTION, ETC. (IMPRINT)
Place of publication Kottayam
Name of publisher RRII
Year of publication 1994
700 ## - ADDED ENTRY--PERSONAL NAME
Personal name Korah, A.C
942 ## - ADDED ENTRY ELEMENTS (KOHA)
Koha item type Books
Holdings
Withdrawn status Lost status Damaged status Not for loan Home library Current library Date acquired Source of acquisition Full call number Accession Number Koha item type
        RRII Library RRII Library 16/12/2021 Gift RRI.2 G00716 Books